Assessment of Knowledge Management Implementation in Telecommunication Organisations of Pakistan / (Record no. 540535)

000 -LEADER
fixed length control field 00521nam a22001457a 4500
082 ## - DEWEY DECIMAL CLASSIFICATION NUMBER
Classification number 620.005
100 ## - MAIN ENTRY--PERSONAL NAME
Personal name Zaheer, Anum
245 ## - TITLE STATEMENT
Title Assessment of Knowledge Management Implementation in Telecommunication Organisations of Pakistan /
Statement of responsibility, etc. NS Anum Zaheer.
260 ## - PUBLICATION, DISTRIBUTION, ETC.
Place of publication, distribution, etc. Islamabad :
Name of publisher, distributor, etc. CEME - NUST,
Date of publication, distribution, etc. 2012.
300 ## - PHYSICAL DESCRIPTION
Extent 133 p.: ill. ;
Dimensions 30cm.
700 ## - ADDED ENTRY--PERSONAL NAME
Personal name Sup: Dr. Shafqat Hameed.
942 ## - ADDED ENTRY ELEMENTS (KOHA)
Source of classification or shelving scheme
Koha item type Thesis
690 ## - LOCAL SUBJECT ADDED ENTRY--TOPICAL TERM (OCLC, RLIN)
-- 34601
700 ## - ADDED ENTRY--PERSONAL NAME
-- 34602
Holdings
Withdrawn status Lost status Source of classification or shelving scheme Damaged status Not for loan Permanent Location Current Location Shelving location Date acquired Total Checkouts Full call number Barcode Date last seen Price effective from Koha item type
          Central Library (CL) Central Library (CL) Reference 10/27/2020   620.005 CL-T-564 10/27/2020 10/27/2020 Thesis
© 2023 Central Library, National University of Sciences and Technology. All Rights Reserved.